Neural networks : A comprehensive foundation (Record no. 167686)

MARC details
000 -LEADER
fixed length control field 00409nam a2200157Ia 4500
008 - FIXED-LENGTH DATA ELEMENTS--GENERAL INFORMATION
fixed length control field 231217s9999 xx 000 0 und d
041 ## - LANGUAGE CODE
Language code of text/sound track or separate title English
082 ## - DEWEY DECIMAL CLASSIFICATION NUMBER
Classification number 001.64404 HAY;3
100 ## - MAIN ENTRY--PERSONAL NAME
Personal name Haykin, Simon.
245 #0 - TITLE STATEMENT
Title Neural networks : A comprehensive foundation
250 ## - EDITION STATEMENT
Edition statement 2nd ed.
260 ## - PUBLICATION, DISTRIBUTION, ETC.
Date of publication, distribution, etc. 1999
Name of publisher, distributor, etc. New Jersey : Prentice-Hall,
300 ## - PHYSICAL DESCRIPTION
Extent xxi+842
650 ## - SUBJECT ADDED ENTRY--TOPICAL TERM
Topical term or geographic name entry element Neural networks
942 ## - ADDED ENTRY ELEMENTS (KOHA)
Koha item type Books
Holdings
Date last seen Total checkouts Full call number Accession number Cost, total (INR) price Price effective from Category Public note Lost status Damaged status Department Withdrawn status Home library Current library Shelving location Entry date Vendor Cost, normal purchase price Grants Billnumber Billdate Currency symbol Conversion rate Discount Old discount
26/01/2024   001.64404 HAY;3 17189 631.08 26/01/2024 Books repl/bt/10195     Central Library   Central Library Central Library Central Library 12/03/2001 Sai Books 742.45 EC 1102 10/01/2004 RS 1 111.37 15
26/01/2024   001.64404 HAY;4 17190 631.08 26/01/2024 Books repl/bt/9596     Central Library   Central Library Central Library Central Library 12/03/2001 Sai Books 742.45 EC 1102 10/01/2004 RS 1 111.37 15
26/01/2024   001.64404 HAY;5 17191 631.08 26/01/2024 Books       Central Library   Central Library Central Library   12/03/2001 Sai Books 742.45 EC 1102 10/01/2004 RS 1 111.37 15
26/01/2024   001.64404 HAY;6 17205 631.08 26/01/2024 Books       Central Library   Central Library Central Library   12/03/2001 Word Power 742.45 CS A15560 10/01/2004 RS 1 111.37 15

© For any Suggestions or Query, please contact the library staff @ librarian@pes.edu or Phone: +9180 2672 1983/ 2108.